Nuevas poesías / (Record no. 161683)

MARC details
000 -LEADER
campo de control de longitud fija 00671nam a22001935i 4500
001 - NÚMERO DE CONTROL
campo de control 161683
003 - IDENTIFICADOR DE NÚMERO DE CONTROL
campo de control ES-MaACL
005 - FECHA Y HORA DE LA ÚLTIMA TRANSACCIÓN
campo de control 20251116063110.0
008 - DATOS DE LONGITUD FIJA--INFORMACIÓN GENERAL
campo de control de longitud fija 940301s1885 sp a |||| | spa d
040 ## - FUENTE DE CATALOGACIÓN
Centro catalogador/agencia de origen AR
Lengua de catalogación spa
080 ## - NÚMERO DE LA CLASIFICACIÓN DECIMAL UNIVERSAL
Número de la Clasificación Decimal Universal 821.134.2-14"18"
100 1# - ENTRADA PRINCIPAL--NOMBRE DE PERSONA
Nombre de persona Peñaranda Carlos,
Fechas asociadas al nombre 1848-1908
9 (RLIN) 131101
245 10 - MENCIÓN DEL TÍTULO
Título Nuevas poesías /
Mención de responsabilidad, etc. Carlos Peñaranda.
260 ## - PUBLICACIÓN, DISTRIBUCIÓN, ETC.
Lugar de publicación, distribución, etc. Madrid :
Nombre del editor, distribuidor, etc. [s.n.],
Fecha de publicación, distribución, etc. 1885 (
Fabricante Est. Tip. Sucesores de Rivadeneyra, impresores de la Real Casa)
300 ## - DESCRIPCIÓN FÍSICA
Extensión 284 p., [1] h. de lam. ;
Dimensiones 20 cm.
599 ## - NOTA A LAS ILUSTRACIONES
NOTA A LAS ILUSTRACIONES La h. de lam.: "B. Maura 1881 Retrato de Carlos Peñaranda"
852 ## - LOCALIZACIÓN
Ubicación ES-MaACL
Número de control de estantería G-9177
Nota libre -- Enc. pasta
Holdings
Estatus retirado Estado de pérdida Estado de daño No para préstamo Colección Biblioteca de origen Biblioteca actual Ubicación en estantería Fecha de adquisición Fuente de adquisición Total de préstamos Signatura topográfica completa Código de barras Visto por última vez Precio de reemplazo Tipo de ítem Koha
        Libros del s. XIX Biblioteca del Ateneo de Madrid Biblioteca del Ateneo de Madrid Sala Pecera Planta 3 17/01/2008     G-9177 1169362 23/02/2023 23/02/2023 Libro impreso antiguo